Beading for the absolute beginner (Record no. 141523)

MARC details
000 -LEADER
fixed length control field 00753nam a2200265 i 4500
001 - CONTROL NUMBER
control field C2-0344968
003 - CONTROL NUMBER IDENTIFIER
control field PPAK
005 - DATE AND TIME OF LATEST TRANSACTION
control field 20180728145652.0
008 - FIXED-LENGTH DATA ELEMENTS--GENERAL INFORMATION
fixed length control field 180117s2016 xxka|||| ||||| | eng d
020 ## - INTERNATIONAL STANDARD BOOK NUMBER
International Standard Book Number 9781782212669
040 ## - CATALOGING SOURCE
Original cataloging agency PPAK
Language of cataloging eng
Transcribing agency PPAK
Description conventions rda
082 04 - DEWEY DECIMAL CLASSIFICATION NUMBER
Classification number 745.582
Edition number 23
090 00 - LOCALLY ASSIGNED LC-TYPE CALL NUMBER (OCLC); LOCAL CALL NUMBER (RLIN)
Classification number (OCLC) (R) ; Classification number, CALL (RLIN) (NR) 745.582
Feature heading THO
Feature heading G
100 1# - MAIN ENTRY--PERSONAL NAME
Personal name Thornton, Liz,
Relator term author
245 10 - TITLE STATEMENT
Title Beading for the absolute beginner
264 #1 - PRODUCTION, PUBLICATION, DISTRIBUTION, MANUFACTURE, AND COPYRIGHT NOTICE
Place of production, publication, distribution, manufacture Tunbridge Wells, Kent :
Name of producer, publisher, distributor, manufacturer Search Press ,
Date of production, publication, distribution, manufacture, or copyright notice 2016
300 ## - PHYSICAL DESCRIPTION
Extent 191 pages :
Other physical details colour photographs ;
Dimensions 22 cm
336 ## - CONTENT TYPE
Source rdacontent
Content type term text
337 ## - MEDIA TYPE
Source rdamedia
Media type term unmediated
338 ## - CARRIER TYPE
Source rdacarrier
Carrier type term volume
500 ## - GENERAL NOTE
General note First published : 2006. ; Includes index.
650 10 - SUBJECT ADDED ENTRY--TOPICAL TERM
Topical term or geographic name entry element Beadwork.
700 ## - ADDED ENTRY--PERSONAL NAME
Relator term author
942 ## - ADDED ENTRY ELEMENTS (KOHA)
-- dc
Koha item type Book
Holdings
Withdrawn Not for loan Current library Shelving location Date acquired Total Checkouts Full call number Barcode Date last seen Date last checked out Koha item type
    Perpustakaan Alor Setar Pinjaman Dewasa 04/02/2018   745.582 THO A01564246 09/05/2018   Book
    Perpustakaan Awam Sungai Petani Pinjaman Dewasa 04/02/2018 1 745.582 THO A01564247 04/01/2020 17/12/2019 Book
    Perpustakaan Kulim Pinjaman Dewasa 04/02/2018 1 745.582 THO A01564248 25/10/2022 11/10/2022 Book
    Perpustakaan Langkawi Pinjaman Dewasa 04/02/2018   745.582 THO A01564249 09/05/2018   Book